000 00608nam a2200217Ia 4500
005 20250923145915.0
008 008 250917s9999 xx 000 0 eng d
037 _aTextual
040 _aDSWL
_beng
_cDSWL
041 _aeng
_2eng
084 _aYX,Zr;5x2, N93
_qDSWL
100 _aMane, P.
_9840165
245 0 _aMental health in India: Issues & concerns
_c by P. Mane
260 _aBombay
_bT.I.S.S.
_c1993
300 _axii,407p.
365 _aINR
_b130.00
700 _a K.Y. Gandevia
_9840166
925 _g130.00
942 _cTEXL
_hYX,Zr;5x2, N93
999 _c1457184
_d1457184